[Event "Match Karjakin-Inarkiev 2019"]
[Site "Nazran"]
[Date "2019.08.04"]
[Round "9.1"]
[White "Inarkiev, Ernesto"]
[Black "Karjakin, Sergey"]
[Result "1/2-1/2"]
[WhiteElo "2682"]
[BlackElo "2750"]
[Annotator "TA"]
[PlyCount "89"]
[EventDate "2019.08.02"]
[EventType "match"]
[EventCountry "RUS"]
[SourceTitle "playchess.com"]
[Source "ChessBase"]
[SourceQuality "1"]

{[%evp 9,89,16,12,15,24,21,34,19,30,22,54,56,59,48,64,62,62,52,50,32,39,35,31,33,60,53,59,42,33,-66,-41,-94,-121,-118,-65,-65,-45,-44,-40,-147,-133,-338,-163,-175,-184,-252,-82,-81,-64,-85,25,25,24,0,33,22,45,42,58,2,4,-24,-15,-300,-80,-80,-80,-86,0,0,0,0,0,0,0,0,0,0,0,0,0,0]} 1. Nf3 d5 2. d4 Nf6 3. g3 c6 4. c4 Bf5 5. Nc3 e6 6. Nh4 {D11: Slav Defence: 3 Nf3 sidelines and 3...Nf6 4 e3 Bg4} Bg4 7. h3 $146 ({Predecessor:} 7. Qb3 Qb6 8. c5 Qc7 9. Bf4 Qc8 10. h3 {1-0 (41) Fridman,D (2633)-Antipov,M (2589) St Petersburg 2018}) 7... Bh5 8. Qb3 {White is slightly better.} Qb6 9. c5 Qc7 10. Bf4 Qc8 11. g4 Bg6 $1 12. Nxg6 hxg6 13. Bg2 Nbd7 14. g5 Nh5 15. Bh2 $1 Be7 $1 16. h4 b6 17. cxb6 axb6 18. e4 O-O 19. O-O-O (19. O-O $14) 19... b5 $15 {[%cal Bb6b5,Bb5b4][%mdl 32]} 20. Rhe1 (20. exd5 $15 exd5 21. Rhe1) 20... b4 $17 21. Ne2 Nb6 (21... Qa6 $17 22. Kb1 c5) 22. Kb1 $15 Nc4 23. Nc1 Bd6 24. e5 ({White should play} 24. Bxd6 $15 Nxd6 25. Nd3 (25. Qxb4 Qc7 $15)) 24... Be7 $17 25. Nd3 $2 (25. Bf1 $17) 25... Ra5 (25... Na5 $142 26. Qc2 b3 $1 {[%mdl 512]} 27. axb3 Qb7) 26. Bf1 ({But not} 26. Nxb4 $2 Bxb4 27. Re2 Be7 $19) 26... Qa6 27. Re2 (27. Nc1 $142) 27... Ra8 $2 (27... Rb8 $19 28. Nc1 Qa7) 28. Nc1 c5 29. Rc2 {[%cal Rf1c4]} cxd4 (29... Nd2+ $1 $17 30. Rcxd2 c4) 30. Bxc4 $11 dxc4 31. Rxc4 Qb7 32. f3 Rc8 33. Rdxd4 Kh7 34. Qd3 (34. Rxc8 $1 $14 Qxc8 35. Qd3) 34... Rxc4 35. Qxc4 Qxf3 {White must now prevent ...Rc5.} 36. Qc7 $2 {[%mdl 8192] [#]} (36. Qe2 $1 $11 {and White stays safe.} Qa8 37. Qe4) 36... Rc5 $2 (36... Qf2 $1 $19 {and Black stays clearly on top.} 37. Qxa5 Qxd4) 37. Qxe7 $17 Qf5+ 38. Rd3 {[#]} Rxc1+ (38... Rc4 $1 $17 {And now ...Qf1! would win.} 39. Qa7 Qf1 {[%mdl 64] Remove Defender}) 39. Kxc1 $11 {The position is equal.} Qxd3 40. Qxb4 Qf1+ 41. Kc2 Qf5+ 42. Kc1 Qf1+ 43. Kc2 Qf5+ 44. Kc1 Qf1+ 45. Kc2 {Accuracy: White = 34%, Black = 40%.} 1/2-1/2

[Event "Match Karjakin-Inarkiev 2019"]
[Site "Nazran"]
[Date "2019.08.04"]
[Round "10.1"]
[White "Karjakin, Sergey"]
[Black "Inarkiev, Ernesto"]
[Result "0-1"]
[WhiteElo "2750"]
[BlackElo "2682"]
[Annotator "TA"]
[PlyCount "122"]
[EventDate "2019.08.02"]
[EventType "match"]
[EventCountry "RUS"]
[SourceTitle "playchess.com"]
[Source "ChessBase"]
[SourceQuality "1"]

{[%evp 13,122,7,14,12,5,6,14,0,0,0,0,0,12,14,6,6,21,15,139,149,147,132,140,131,170,162,176,155,182,163,168,168,176,150,162,153,148,149,166,165,164,149,206,191,232,223,220,220,220,62,76,63,73,85,88,26,27,0,0,0,0,0,0,-8,-8,-8,-8,-8,-8,-8,-8,-15,-15,-15,-8,-8,-8,-8,-8,-8,-8,-8,-8,-8,-8,-8,-8,-8,-8,-8,0,0,0,0,0,0,0,-8,-8,-89,-264,-29974,-29974,-29986,-29987,-29991,-29983,-29984,-29985,-29985,-29986]} 1. e4 c6 2. d4 d5 3. Nc3 dxe4 4. Nxe4 Bf5 5. Ng3 Bg6 6. Nf3 e6 7. Bd3 Nf6 8. Bxg6 {B18: Classical Caro-Kann: 4...Bf5 sidelines} (8. Be3 {with more complications.} Bxd3 9. Qxd3 Bd6 10. O-O O-O 11. c4) (8. O-O Bd6 9. Qe2 O-O 10. Rd1 Qc7 11. b3 Nbd7 12. c4 Rfe8 13. Bb2 e5 14. dxe5 Nxe5 15. Nxe5 Bxe5 {0-1 (119) Erenburg,S (2589)-Mamedyarov,S (2817) chess.com INT 2019}) 8... hxg6 9. O-O c5 10. dxc5 {The position is equal.} Qxd1 $146 ({Predecessor:} 10... Nc6 11. Be3 Ng4 12. Qe2 Nxe3 13. Qxe3 Nb4 14. Qc3 Nd5 15. Qc4 Rc8 {1-0 (58) Pham,V-Ngo,B Hanoi 2017}) 11. Rxd1 Bxc5 12. Ne5 Nbd7 13. Nxd7 Nxd7 14. Ne4 Rc8 15. Be3 {[%mdl 64] [#] aiming for Bxc5. Overworked Piece} Bxe3 (15... Be7 $11 {keeps the balance.}) 16. Nd6+ $16 {[%mdl 64] Double Attack} Ke7 17. Nxc8+ Rxc8 18. fxe3 {[%mdl 4096] Endgame KRR-KRN} Ne5 19. Rd2 Rc7 20. Re2 b5 21. Rd1 Nc4 22. c3 a5 23. Rd4 g5 24. h4 gxh4 25. Rxh4 Kf6 26. Rh8 Rc5 27. Rb8 Kg6 (27... Ke5 $16 28. Rg8 g6) 28. Rb7 Re5 29. e4 Nd6 30. Ra7 a4 31. b3 $2 (31. Re3 $18) 31... axb3 $1 $14 32. axb3 Nxe4 33. Ra5 {Black must now prevent c4.} Kf5 34. c4 ({Better is} 34. Re3 $16) 34... bxc4 $11 35. Rxe5+ (35. Ra7 {keeps more tension.} f6 36. bxc4 Rc5 37. Rxg7 Rxc4 38. Re1) 35... Kxe5 36. bxc4 {White wants to play c5. KR-KN} Kd4 37. Rc2 f5 38. Rc1 g5 39. Rc2 g4 40. Rc1 f4 41. Rc2 e5 42. Ra2 Kxc4 43. Ra8 Nc3 44. Kf2 Kd4 45. Rd8+ Ke4 46. g3 f3 47. Rg8 Nd1+ 48. Ke1 Ne3 49. Kf2 Kd4 50. Rd8+ Nd5 {Strongly threatening ...e4.} 51. Rg8 Nf6 52. Rd8+ Ke4 {White should prevent ...Kf5.} 53. Rf8 $1 {[%cal Rf8f6]} Nd5 54. Rg8 Ne3 55. Rg7 Kd4 56. Rd7+ {[#]} (56. Rg8 $11) 56... Nd5 $1 $17 57. Rg7 $2 (57. Ke1 $19 Ke4 58. Kf2) 57... Nf6 {Black mates.} 58. Rg6 Ne4+ 59. Kf1 Nxg3+ 60. Ke1 Ke3 61. Rf6 Ne4 {Accuracy: White = 52%, Black = 62%.} 0-1

[Event "Match Karjakin-Inarkiev 2019"]
[Site "Nazran"]
[Date "2019.08.04"]
[Round "11.1"]
[White "Inarkiev, Ernesto"]
[Black "Karjakin, Sergey"]
[Result "0-1"]
[WhiteElo "2682"]
[BlackElo "2750"]
[Annotator "TA"]
[PlyCount "84"]
[EventDate "2019.08.02"]
[EventType "match"]
[EventCountry "RUS"]
[SourceTitle "playchess.com"]
[Source "ChessBase"]
[SourceQuality "1"]

{[%evp 17,84,19,4,-16,-21,-12,-16,-60,-50,-56,-48,-52,-39,-48,-46,-54,-58,-41,-16,-81,-75,-72,-79,-141,-150,-173,-172,-172,-170,-168,-158,-233,-187,-223,-195,-154,-122,-214,-212,-359,-265,-270,-279,-280,-286,-283,-281,-289,-280,-268,-268,-431,-431,-430,-430,-430,-430,-430,-430,-470,-415,-512,-473,-506,-472,-607,-607,-2070,-2047]} 1. Nf3 d5 2. d4 Nf6 3. g3 g6 4. Bg2 Bg7 5. c4 dxc4 6. Qa4+ Nfd7 7. Qxc4 Nb6 8. Qc2 Nc6 9. O-O O-O 10. Rd1 {D76: Fianchetto Grünfeld: Main Line with 7...Nb6} (10. e3 Bf5 11. e4 Bg4 12. d5 Bxf3 13. dxc6 Bxg2 14. Kxg2 bxc6 15. Qxc6 Qd6 16. Qc2 Rfd8 17. a4 a5 {0-1 (49) Khotenashvili,B (2526)-Wei,Y (2675) Caleta 2015}) 10... Bf5 ({Don't blunder} 10... Nxd4 $2 11. Nxd4 Bxd4 12. e3 $18) ({Don't go for} 10... Bxd4 $2 11. e3 $16) 11. Qc5 Qd6 12. Nc3 $146 {[#]The position is equal.} ({Predecessor:} 12. Qxd6 exd6 13. Nc3 Rae8 14. h3 Nb4 15. Ne1 Bc8 16. a3 Nc6 17. e3 a6 {½-½ (45) Bowyer,K (2410)-Alexandre Bisquert,F (2457) Brazil email 2004}) 12... Nxd4 $1 {[%mdl 512]} 13. Qxd6 (13. Rxd4 Qxc5) 13... Nxf3+ 14. Bxf3 cxd6 15. Bxb7 Rab8 $36 {[%mdl 2048] Black fights for an advantage.} 16. Ba6 Bc8 17. Bd3 Bd7 18. Be3 (18. Bg5 $11) 18... Na4 $17 19. Nxa4 Bxa4 20. b3 (20. Rf1 $142) 20... Bxa1 21. Rxa1 Bb5 22. Bxa7 Rb7 {[#] ...Bxd3 is the strong threat.} 23. Bxb5 Rxb5 $19 {[%mdl 4096] Endgame KRR-KRB} 24. Rc1 (24. Bd4 $17 {might work better.}) 24... Rb7 25. Be3 Ra8 26. Rc2 f5 27. Rb2 (27. Kf1 $17 {was called for.}) 27... Ra3 28. f4 (28. Rc2 $142) 28... Kf7 29. Kf2 Rb8 30. b4 Rba8 31. b5 Rxa2 32. Rb1 Ke8 33. b6 Kd7 34. h4 $2 (34. Rb3 {keeps fighting.}) 34... h5 35. Rb3 Rc8 36. Bd4 Ra4 37. Bc3 Kc6 38. Kf3 Kb7 39. Be1 Rc2 {Black is clearly winning.} 40. Bf2 Rac4 41. Be3 R2c3 42. Rb2 Re4 {Accuracy: White = 37%, Black = 78%.} 0-1

[Event "Match Karjakin-Inarkiev 2019"]
[Site "Nazran"]
[Date "2019.08.04"]
[Round "12.1"]
[White "Karjakin, Sergey"]
[Black "Inarkiev, Ernesto"]
[Result "1-0"]
[WhiteElo "2750"]
[BlackElo "2682"]
[Annotator "TA"]
[PlyCount "94"]
[EventDate "2019.08.02"]
[EventType "match"]
[EventCountry "RUS"]
[SourceTitle "playchess.com"]
[Source "ChessBase"]
[SourceQuality "1"]

{[%evp 23,94,39,57,67,62,55,57,53,93,93,93,20,35,34,40,35,54,76,54,43,67,-42,42,49,60,63,202,31,35,0,0,-25,-25,-25,-25,-24,-24,-24,-27,-26,-23,-25,0,0,0,0,0,-7,0,0,117,29,179,175,615,615,602,564,618,618,585,550,2266,214,29971,29973,5135,546,29980,29981,29981,29982,29995]} 1. d4 Nf6 2. c4 g6 3. Nc3 Bg7 4. e4 d6 5. Nf3 O-O 6. Be2 e5 7. O-O Nc6 8. d5 Ne7 9. Ne1 Nd7 10. Nd3 f5 11. Bd2 Nf6 12. f3 f4 13. Be1 {E99: King's Indian: Classical Main Line: 9 Ne1 Nd7 10 f3 f5} (13. Rc1 g5 14. c5 Ng6 15. Kh1 Rf7 16. Rg1 Bf8 17. g3 Rg7 18. cxd6 cxd6 19. gxf4 gxf4 20. Bf1 Bd7 21. Be1 Kh8 22. Qb3 Nh5 {1-0 (54) So,W (2780)-Grischuk,A (2766) Saint Louis 2018}) 13... g5 14. a4 h5 15. a5 {White is slightly better.} a6 16. c5 Ng6 17. Bf2 $146 ({White should play} 17. cxd6 $16 cxd6 18. Na4) ({Predecessor:} 17. Na4 Ne8 18. Bf2 Rf7 19. Rc1 Bf8 20. Rc3 Rg7 {1-0 (28) Paessler,H (2249)-Boels,R (1966) ICCF email 2011}) 17... g4 $1 $11 18. cxd6 cxd6 19. Na4 g3 20. hxg3 fxg3 21. Bxg3 h4 22. Bh2 ({Better is} 22. Bf2 $14) 22... Bh6 (22... Qxa5 $15 23. Qc1 Bd7) 23. f4 $14 {Threatens to win with Nb6.} Nxe4 24. Nb6 (24. fxe5 $2 Be3+ 25. Nf2 (25. Kh1 $2 Ng3+ 26. Bxg3 hxg3 $19) 25... Nxf2 $19) 24... Rb8 (24... Ng3 $1 $14) 25. Nxc8 $2 (25. fxe5 Be3+ 26. Kh1 Rxf1+ 27. Qxf1 Nxe5 $15) (25. Bg4 $1 $18) 25... Rxc8 26. Bg4 {And now Qe2 would win.} ({Much worse is} 26. fxe5 Be3+ 27. Kh1 Rxf1+ 28. Qxf1 Qg5 $17) 26... Rc4 27. Be6+ Kg7 {Black wants to play ...Ng3.} 28. Qe2 {Strongly threatening Nf2.} Ng3 $1 {[%cal Rg3e2]} 29. Bxg3 $1 hxg3 30. fxe5 Qh4 {[%csl Gg3][%cal Rh4h2]} 31. Bh3 Re4 32. Qc2 Rc4 33. Qb3 {Hoping for Rxf8.} Nf4 34. Nxf4 $1 ({Avoid the trap} 34. Qxb7+ $2 Rf7 $19) 34... Rcxf4 35. Qxb7+ R8f7 36. Qxa6 dxe5 {[#]} (36... Rf2 $11 {keeps the balance.} 37. Qd3 (37. exd6 {gets mated.} Be3 38. Rxf2 Rxf2 39. Qd3 Bd4 40. Qc3 Rd2+ 41. Kf1 Qf4+ {[%mdl 64] Double Attack} 42. Qf3 Rf2+ {[%mdl 64] Double Attack} 43. Kg1 Rxf3+ {[%mdl 64] Discovered Attack} 44. Kh1 Rf1+ {[%mdl 64] Back Rank} 45. Rxf1 Qxf1#) 37... Qf4 38. Rxf2 gxf2+ 39. Kh1 f1=Q+ 40. Rxf1 Qxf1+ 41. Qxf1 Rxf1+ 42. Kh2 Ra1 43. exd6 Bf4+ 44. g3 Bxd6) 37. Qe2 (37. Rxf4 $1 $16 Qxf4 38. d6) 37... Qe7 (37... Rxf1+ $11 {and Black stays safe.} 38. Rxf1 Qd4+ 39. Kh1 Rxf1+ 40. Qxf1 Qxd5) 38. Rxf4 $18 Rxf4 $2 (38... Bxf4 39. Kh1 Qf6) 39. a6 Qa7+ 40. Kh1 e4 41. d6 Bg5 42. d7 Rh4 {intending ...Qxd7.} 43. Qf1 $2 (43. Qb5 Bd8 44. Rf1) 43... Qf2 $2 (43... Bd8 $18 44. b4 Qf2 45. Qxf2 gxf2) 44. Qxf2 gxf2 {[#]} 45. a7 (45. d8=Q $142 $1 Bxd8 46. a7) 45... e3 {[#] aiming for ...e2.} 46. d8=Q $1 {[%mdl 64] Promotion} Bxd8 47. a8=Q Bg5 {Accuracy: White = 48%, Black = 38%.} 1-0

[Event "Match Karjakin-Inarkiev 2019"]
[Site "Nazran"]
[Date "2019.08.04"]
[Round "13.1"]
[White "Inarkiev, Ernesto"]
[Black "Karjakin, Sergey"]
[Result "0-1"]
[WhiteElo "2682"]
[BlackElo "2750"]
[Annotator "TA"]
[PlyCount "72"]
[EventDate "2019.08.02"]
[EventType "match"]
[EventCountry "RUS"]
[SourceTitle "playchess.com"]
[Source "ChessBase"]
[SourceQuality "1"]

{[%evp 9,72,11,21,0,3,-20,-18,-16,29,0,49,0,0,0,0,0,10,-57,-47,-46,-33,-30,-49,-47,-63,-68,-64,-77,-33,-33,-31,-28,-33,-35,-35,-45,0,-18,-21,-53,0,-58,-39,-39,-43,-53,-18,-18,0,-135,-136,-156,-113,-292,-284,-308,-297,-303,-160,-681,-682,-1015,-1000,-1369,-1276]} 1. d4 Nf6 2. Nf3 d5 3. g3 c6 4. c4 Bg4 5. Ne5 Bf5 6. Nc3 {D11: Slav Defence: 3 Nf3 sidelines and 3...Nf6 4 e3 Bg4} (6. cxd5 cxd5 7. Nc3 Nc6 8. f3 Bd7 9. e4 e6 10. Nxc6 Bxc6 11. e5 Ng8 12. Be3 Bb4 {½-½ (47) Le,Q (2714)-Hovhannisyan,R (2637) St Petersburg 2018}) 6... e6 7. Qb3 Qb6 8. c5 {The position is equal.} Qc7 9. f3 {[#] g4 is the strong threat.} h6 10. g4 Bh7 11. Bf4 {Strongly threatening Ng6!} Qc8 $1 12. h4 $146 ({Predecessor:} 12. Qd1 Be7 13. b4 Nfd7 14. Nxd7 Nxd7 {1-0 (50) Schneider,R-Kaunzinger,A Ingolstadt 1995}) 12... Nbd7 13. Rc1 (13. g5 $11 Nxe5 14. gxf6 (14. Bxe5 Nd7 $15)) 13... Nxe5 $15 14. Bxe5 Nd7 15. Bg3 Be7 16. e3 O-O 17. Qd1 e5 18. Bd3 Bxd3 19. Qxd3 exd4 20. exd4 Re8 21. Kf2 Nf8 22. Ne2 Bd8 23. Nf4 Bc7 24. Rce1 Qd7 (24... Rxe1 $15 25. Rxe1 Qb8) 25. Nh5 (25. Qf5 $11) 25... Ng6 26. Qd2 Rxe1 27. Rxe1 Bxg3+ 28. Kxg3 Re8 29. f4 {[#]} (29. Rxe8+ $11 {remains equal.} Qxe8 30. Nf4) 29... f5 $1 $17 30. g5 Kh7 31. Re3 $2 (31. Kf2 $17 {was called for.}) 31... Re4 $19 32. Rxe4 dxe4 ({Weaker is} 32... fxe4 33. Qe2 $17) 33. Qc3 Ne7 ({Black should play} 33... Qf7 $19 {Threatens to win with ...Ne7.} 34. Qb3 Qxb3+ 35. axb3 a6) 34. Kh3 $2 (34. d5 $17 Nxd5 35. Qe5) 34... Nd5 {Black is clearly winning.} 35. Qg3 Qf7 36. gxh6 gxh6 {Accuracy: White = 28%, Black = 61%.} 0-1

[Event "Match Karjakin-Inarkiev 2019"]
[Site "Nazran"]
[Date "2019.08.04"]
[Round "14.1"]
[White "Karjakin, Sergey"]
[Black "Inarkiev, Ernesto"]
[Result "1-0"]
[WhiteElo "2750"]
[BlackElo "2682"]
[Annotator "TA"]
[PlyCount "71"]
[EventDate "2019.08.02"]
[EventType "match"]
[EventCountry "RUS"]
[SourceTitle "playchess.com"]
[Source "ChessBase"]
[SourceQuality "1"]

{[%evp 10,71,4,7,26,28,71,75,68,66,94,67,103,105,97,97,105,104,179,168,167,139,278,215,200,214,213,227,203,132,129,118,121,104,212,230,227,240,219,0,47,34,248,226,518,37,55,62,40,-104,605,109,358,350,697,695,670,654,2261,1805,2195,1745,29968,7218]} 1. e4 c5 2. Nf3 e6 3. c3 Nf6 4. e5 Nd5 5. g3 Nc6 6. Bg2 f6 {B22: Sicilian: 2 c3} 7. exf6 Qxf6 8. O-O Be7 {White is better.} 9. d4 O-O $146 ({Predecessor:} 9... cxd4 10. Bg5 Qg6 11. Bxe7 Ndxe7 12. cxd4 O-O 13. Nc3 d5 14. Qd2 {½-½ (69) Altounian,L (2438)-Stukopin,A (2556) ICC INT 2014}) 10. Bg5 Qf7 11. Bxe7 Qxe7 12. c4 Nb6 13. d5 Na5 (13... Nd8 $16) 14. b3 $18 exd5 15. cxd5 Qf6 (15... d6 $16 {keeps fighting.}) 16. Na3 d6 {Hoping for ...Bg4.} 17. Qd2 Bg4 18. Ng5 Rae8 {With the idea ...Re2.} 19. Ne4 Qd4 20. Qxa5 Rxe4 21. Nb5 $36 {[%mdl 2112] Double Attack. Keeping Black busy.} Qe5 (21... Qb4 $16 22. Qxb4 (22. Qxa7 Nc8 $14) 22... Rxb4 23. Nxd6 Nc8) 22. f4 (22. Nxa7 Nxd5 23. Rae1 Rxe1 $11) (22. Qxa7 Nc8 $11) 22... Qe7 23. Bxe4 (23. Nxa7 Re2 $11) (23. Qxa7 Nc8 $11) 23... Qxe4 24. Qxa7 $2 (24. Rf2 $18) 24... Nxd5 {And now ...Ne3 would win.} 25. Qxb7 {Threatens to win with Rae1.} Bh3 $2 ({Black should play} 25... Qe3+ $14 26. Rf2 Nf6) 26. Rf2 g5 $2 (26... Re8 27. Nxd6 {[%mdl 64] Double Attack} Qe1+ 28. Rf1 Qe3+ 29. Kh1 Qe6) 27. Nxd6 $2 ({Better is} 27. Nc7 $18 Nf6 28. Qxe4 Nxe4 29. Re2) 27... Qd4 $14 28. Re1 gxf4 29. Ne4 (29. Kh1 $14 Nf6 30. Qf3 (30. Rxf4 Qd2 $14) 30... Qxd6 31. Qxf4 (31. gxf4 Be6 $15) 31... Qxf4 32. Rxf4) 29... Nc3 $2 {[%mdl 8192]} (29... Re8 $17 30. Qxd5+ {[%mdl 64] Remove Defender, Decoy} Qxd5 31. Nf6+ {[%mdl 64] Double Attack} Kf7 $1 {[%mdl 512]} 32. Nxe8 (32. Nxd5 $2 {gets mated.} Rxe1+ 33. Rf1 Rxf1#) 32... f3) 30. gxf4 $2 (30. Nxc3 $18 {is more deadly.} Qxc3 31. Qd5+ Kh8 32. Qe5+ Qxe5 33. Rxe5) 30... Bc8 $2 (30... Nd1 $16 31. Qe7 Nxf2 32. Nxf2 Qxf4) 31. Qe7 $18 Rf7 $2 (31... Nd1 32. Qxc5 Qxc5 33. Nxc5 Nxf2) 32. Qe8+ Rf8 33. Qe5 Ne2+ 34. Rexe2 Qd1+ 35. Kg2 Bb7 36. Re3 {Accuracy: White = 59%, Black = 16%.} (36. Kh3 $142 Bxe4 37. Rxe4 Qd7+ 38. f5 Rf6 39. Rg4+ Kf7 {[#]} 40. Rd2 $3 {[%mdl 576] Deflection} Qxd2 41. Qc7+ Kf8 42. Qg7+ {[%mdl 64] Double Attack} Ke8 43. Re4+ Kd8 44. Qe7+ Kc8 45. Qxc5+ Kd8 46. Qe7+ $1 {[%mdl 576] Double Attack} Kc8 47. Rc4+ Kb8 48. Qc7+ Ka8 49. Ra4+ Qa5 50. Rxa5+ Ra6 51. Rxa6#) 1-0